[Event "ch-Catalunya 2012"]
[Site "Barcelona ESP"]
[Date "2012.05.12"]
[Round "1.1"]
[White "Fluvia Poyatos,Joa"]
[Black "Monell Camarasa,D"]
[Result "1-0"]
[WhiteElo "2490"]
[BlackElo "2260"]

1.e4 c5 2.Nf3 Nc6 3.Bb5 g6 4.Bxc6 bxc6 5.d3 Bg7 6.O-O Nf6 7.h3 O-O 8.Nc3 Rb8
9.Nd2 d6 10.f4 Nh5 11.Kh2 e5 12.f5 Qh4 13.Qg4 Qxg4 14.hxg4 Nf6 15.Kg3 Rd8
16.Nc4 d5 17.Na5 Rd6 18.b3 Rb6 19.a3 gxf5 20.gxf5 Ra6 21.b4 c4 22.exd5 cxd5
23.Nb5 Rd8 24.Bg5 cxd3 25.cxd3 Bh6 26.Bxh6 Nh5+ 27.Kg4 Rxh6 28.Rh1 Bxf5+
29.Kg5 Rg6+ 30.Kxf5 Ng3+ 31.Kxe5 Re8+ 32.Kxd5 Rd8+ 33.Kc4 Rg4+ 34.Kc3 a6
35.Nc6 Rc8 36.Na7 Rc7 37.Rhe1 Rg6 38.Re5  1-0

[Event "Asian Continental 2012"]
[Site "Ho Chi Minh City VIE"]
[Date "2012.05.12"]
[Round "8.16"]
[White "Goh Weiming"]
[Black "Zhou Jianchao"]
[Result "0-1"]
[WhiteElo "2426"]
[BlackElo "2609"]

1.e4 c5 2.Nf3 Nc6 3.Bb5 e6 4.Bxc6 bxc6 5.d3 Ne7 6.Qe2 Ng6 7.b3 Be7 8.Bb2 f6
9.h4 Nf4 10.Qf1 e5 11.Nbd2 Qa5 12.Kd1 d5 13.c4 dxe4 14.dxe4 Bg4 15.Kc2 O-O-O
16.Bc3 Qa3 17.Bb2 Qa6 18.a3 Rd7 19.g3 Nd3 20.Bc3 Bd8 21.Ne1 Nxe1+ 22.Qxe1 Ba5
23.f3 Bxc3 24.Kxc3 Rhd8 25.Rh2 Qa5+ 26.Kc2 Rd3 27.Ra2 Qc3+ 28.Kb1 Bxf3 29.Rc2 Qd4  0-1

[Event "Asian Continental 2012"]
[Site "Ho Chi Minh City VIE"]
[Date "2012.05.12"]
[Round "8.19"]
[White "Wahono,A"]
[Black "Cao,S"]
[Result "0-1"]
[WhiteElo "2405"]
[BlackElo "2513"]

1.e4 c5 2.Nf3 Nc6 3.Bb5 g6 4.O-O Bg7 5.Re1 Nf6 6.c3 O-O 7.d4 cxd4 8.cxd4 d5
9.e5 Ne4 10.Nc3 Nxc3 11.bxc3 Bg4 12.a4 Na5 13.Ba3 Rc8 14.h3 Bf5 15.Bb4 Nc4
16.Nd2 a5 17.Ba3 Nxa3 18.Rxa3 Rc7 19.c4 b6 20.f4 Be6 21.cxd5 Bxd5 22.Rd3 Qb8
23.Rg3 e6 24.Bd3 f5 25.Be2 Rfc8 26.Nf3 Rc3 27.Kh2 Bh6 28.Ng5 Rxg3 29.Kxg3 Bxg5
30.fxg5 f4+ 31.Kxf4 Bxg2 32.Qd3 Bd5 33.Qa3 Rf8+ 34.Kg3 Qd8 35.Qe3 Rf5 36.Bg4 Rf7
37.Rb1 Kg7 38.Rc1 Qd7 39.Ra1 Qc6 40.Qc1 Qe8 41.Qe3 b5 42.axb5 Qxb5 43.Rc1 a4
44.Kh4 Qa5 45.Rc5 Qd8 46.Kg3 a3 47.Qxa3 Qxg5 48.Qc1 Rf3+ 49.Kh2 Rf2+ 50.Kg1 Rd2  0-1

[Event "FSGM May 2012"]
[Site "Budapest HUN"]
[Date "2012.05.13"]
[Round "9"]
[White "Varga,Zo"]
[Black "Simonian,H"]
[Result "1/2-1/2"]
[WhiteElo "2451"]
[BlackElo "2475"]

1.e4 c5 2.Nf3 Nc6 3.Bb5 d6 4.O-O Bd7 5.c3 Nf6 6.Re1 a6 7.Ba4 b5 8.Bc2 Bg4
9.d3 e6 10.Nbd2 Be7 11.h3 Bh5 12.Nf1 O-O 13.Ng3 Bxf3 14.Qxf3 Qc7 15.Be3 Rac8
16.Nh5 Rfd8 17.Rad1 Nxh5 18.Qxh5 d5 19.exd5 Rxd5 20.Qg4 Rcd8 21.a4 Qb7 22.axb5 axb5
23.Qe4  1/2-1/2

[Event "Serbia Cup Final 2012"]
[Site "Kragujevac SRB"]
[Date "2012.05.14"]
[Round "1"]
[White "Popovic,Du"]
[Black "Pavlovic,Neb"]
[Result "1-0"]
[WhiteElo "2548"]
[BlackElo "2332"]

1.e4 c5 2.Nf3 Nc6 3.Bb5 d6 4.O-O Bd7 5.Re1 a6 6.Bxc6 Bxc6 7.d4 cxd4 8.Nxd4 Nf6
9.Nxc6 bxc6 10.Qf3 Qd7 11.Nd2 g6 12.Nc4 Qe6 13.Qc3 Rb8 14.e5 Nd5 15.Qa5 Nb4
16.Na3 dxe5 17.Rxe5 Qc8 18.Bd2 Nd5 19.c4 Bg7 20.Re2 Rxb2 21.Rae1 Rxd2 22.Qxd2 Bc3
23.Qc1 Bxe1 24.cxd5 Ba5 25.Nc4 Qd8 26.d6 e6 27.Qa3 Bb6 28.Qb2  1-0

[Event "30th Liechtenstein Open 2012"]
[Site "Triesen LIE"]
[Date "2012.05.14"]
[Round "4.6"]
[White "Van der Weide,K"]
[Black "Dittmar,P"]
[Result "1/2-1/2"]
[WhiteElo "2456"]
[BlackElo "2297"]

1.e4 c5 2.Nf3 Nc6 3.Bb5 a6 4.Bxc6 dxc6 5.h3 e5 6.d3 Bd6 7.Be3 Ne7 8.Nbd2 f6
9.Nh4 Be6 10.Qh5+ Bf7 11.Qg4 a5 12.Nf5 Nxf5 13.Qxf5 Ke7 14.Qf3 Qd7 15.c3 Rad8
16.O-O-O h5 17.Kb1 h4 18.Qe2 Qe6 19.b3  1/2-1/2

[Event "21st CRO-Cup"]
[Site "Sibenik CRO"]
[Date "2012.05.16"]
[Round "1.53"]
[White "Leventic,I"]
[Black "Deur,Z"]
[Result "1-0"]
[WhiteElo "2455"]
[BlackElo "2147"]

1.e4 c5 2.Nf3 Nc6 3.Bb5 e6 4.O-O Nge7 5.Re1 a6 6.Bxc6 Nxc6 7.d4 cxd4 8.Nxd4 d6
9.Nc3 Be7 10.Nxc6 bxc6 11.Qg4 Kf8 12.b3 h5 13.Qf3 h4 14.h3 Rb8 15.Na4 Qa5
16.Ba3 Rh6 17.e5 d5 18.Bxe7+ Kxe7 19.Qe3 Rb5 20.c3 c5 21.Nxc5 Qc7 22.b4 Rb6
23.Rad1 a5 24.a3 Rh5 25.Rd4 Rc6 26.c4 dxc4 27.Rxc4 axb4 28.axb4 g6 29.Rf4 Rb6
30.Qd4 g5 31.Rf3 Rh8 32.Rc3 Qb8 33.Ne4 Rb5 34.Nxg5 Rg8 35.Qxh4 Rxb4 36.Ne4+  1-0

[Event "TUR-ALG Friendship m 2012"]
[Site "Ankara TUR"]
[Date "2012.05.18"]
[Round "6"]
[White "Emiroglu,C"]
[Black "Nassr,A"]
[Result "1-0"]
[WhiteElo "2253"]
[BlackElo "2026"]

1.e4 c5 2.Nf3 Nc6 3.Bb5 e5 4.Nc3 d6 5.d3 Nf6 6.a3 h6 7.h3 Be6 8.Bc4 d5 9.exd5 Nxd5
10.Bb5 Nxc3 11.bxc3 Bd6 12.Bxc6+ bxc6 13.O-O O-O 14.Re1 Qc7 15.c4 Bf5 16.Nd2 Bh7
17.Nb3 f5 18.Be3 Qe7 19.f3 e4 20.f4 Rf6 21.Qd2 Re6 22.Qf2 exd3 23.cxd3 Re8
24.Bd2 Rb8 25.Rxe6 Qxe6 26.Nxc5 Qf6 27.Re1 Qb2 28.Bb4 Qxf2+ 29.Kxf2 a5 30.Na6 Rb6
31.Bxd6 Rxa6 32.Re8+ Kf7 33.Re7+ Kf6 34.Rb7 Bg6 35.Be5+ Ke6 36.Bxg7 h5 37.Be5 Ra8
38.Ke3 h4 39.Rg7 Be8 40.Rh7 c5  1-0

[Event "Serbia Cup Final 2012"]
[Site "Kragujevac SRB"]
[Date "2012.05.18"]
[Round "5"]
[White "Vratonjic,S"]
[Black "Perunovic,Mil"]
[Result "1/2-1/2"]
[WhiteElo "2401"]
[BlackElo "2577"]

1.e4 c5 2.Nf3 Nc6 3.Bb5 d6 4.O-O Bd7 5.c3 Nf6 6.Re1 a6 7.Ba4 c4 8.d4 cxd3
9.Bg5 e6 10.Qxd3 Be7 11.Bxf6 gxf6 12.Bxc6 Bxc6 13.c4 O-O 14.Nc3 Kh8 15.Qe3 Rg8
16.Rad1 Bd7 17.a4 Rc8 18.b3 Qa5 19.e5 fxe5 20.Ne4 Bc6 21.c5 Bxe4 22.Qxe4 Qxc5
23.Qxb7 Qc6 24.Qxe7 Qxf3 25.g3 Rc2 26.Rf1 d5 27.Rc1 Rxc1 28.Rxc1 d4 29.Qd6 Qd5
30.Qe7 Qf3 31.Qd6 Qf5 32.b4 d3 33.b5 axb5 34.axb5 e4 35.b6 Qd5 36.Qxd5 exd5  1/2-1/2

[Event "6th Wunsiedel Open"]
[Site "Wunsiedel GER"]
[Date "2012.05.19"]
[Round "6"]
[White "Teterev,V"]
[Black "Goebel,C"]
[Result "1-0"]
[WhiteElo "2516"]
[BlackElo "2239"]

1.e4 c5 2.Nf3 Nc6 3.Bb5 e6 4.O-O Nge7 5.Re1 Nd4 6.Nxd4 cxd4 7.c3 Qb6 8.Qa4 a6
9.Na3 Ng6 10.Bf1 Bc5 11.b4 Be7 12.Rb1 dxc3 13.dxc3 Qc7 14.Be3 O-O 15.c4 b6
16.Nb5 Qb8 17.Nc3 Bf6 18.Qb3 Bb7 19.Bxb6 Be5 20.g3 Bxe4 21.Nxe4 Qxb6 22.c5 Qc7
23.Red1 Ne7 24.f4 f5 25.Nd6 Bf6 26.Bg2 Rab8 27.Qc4 Nc6 28.a3 g6 29.Qxa6 Nxb4
30.axb4 Rxb4 31.Nb7  1-0

[Event "ch-CZE 2012"]
[Site "Kouty nad Desnou CZE"]
[Date "2012.05.20"]
[Round "9"]
[White "Simek,P2"]
[Black "Folk,P"]
[Result "1-0"]
[WhiteElo "2327"]
[BlackElo "2244"]

1.e4 c5 2.Nf3 Nc6 3.Bb5 e6 4.O-O Nge7 5.c3 d5 6.exd5 Qxd5 7.d4 cxd4 8.c4 Qh5
9.Nxd4 Qxd1 10.Rxd1 Bd7 11.Nc3 Rd8 12.Be3 Nxd4 13.Bxd4 a6 14.Ba4 Bxa4 15.Nxa4 Nc6
16.Bb6 Rxd1+ 17.Rxd1 Be7 18.Kf1 h5 19.Nc5 Bxc5 20.Bxc5 h4 21.h3 Rh5 22.Bb6 Re5
23.b3 g5 24.Rd3 Ke7 25.Bc7 Re4 26.Bd6+ Kf6 27.Bc5 Ne5 28.Rd8 b5 29.f3 Rf4
30.Be3 Rf5 31.c5 Ke7 32.Ra8 g4 33.hxg4 Nxg4 34.Bg1 Ne5 35.Rxa6 Nd3 36.Ra7+ Ke8
37.c6 Re5 38.Bf2 Nxf2 39.Ra8+ Ke7 40.c7 Nd3 41.Kg1 Re1+ 42.Kh2 Nf2 43.g4 Rh1+
44.Kg2 h3+ 45.Kg3 Rg1+  1-0

[Event "Orlova Open 2012"]
[Site "Orlova CZE"]
[Date "2012.05.21"]
[Round "1.3"]
[White "Velicka,P"]
[Black "Nytra,Petr"]
[Result "1-0"]
[WhiteElo "2470"]
[BlackElo "1741"]

1.e4 c5 2.Nf3 Nc6 3.Bb5 e6 4.O-O a6 5.Bxc6 bxc6 6.e5 d5 7.exd6 Bxd6 8.Re1 Nf6
9.Na3 O-O 10.d3 Qc7 11.Nc4 Nd7 12.Bd2 a5 13.a4 e5 14.Bc3 f6 15.Qd2 Nb6 16.Bxa5 Nxc4
17.Bxc7 Nxd2 18.Bxd6 Nxf3+ 19.gxf3 Rd8 20.Bxc5 Rd5 21.b4 Ba6 22.Ra3 Rad8
23.Re3 Rc8 24.Kf1 Kf7 25.f4 Ke6 26.c4 Rd7 27.fxe5 fxe5 28.f4 Rf7 29.Rxe5+ Kd7
30.b5 Rxf4+ 31.Ke2 cxb5 32.axb5 Bb7 33.Ra7 Rc7 34.b6  1-0

[Event "Salento Open 2012"]
[Site "Gallipoli ITA"]
[Date "2012.05.22"]
[Round "5"]
[White "Collutiis,D"]
[Black "Bellia,F"]
[Result "1/2-1/2"]
[WhiteElo "2513"]
[BlackElo "2425"]

1.Nf3 c5 2.e4 Nc6 3.Bb5 g6 4.O-O Bg7 5.c3 Nf6 6.Qa4 O-O 7.e5 Ne8 8.Re1 Nc7
9.Bxc6 dxc6 10.Qh4 f6 11.d4 cxd4 12.Nxd4 c5 13.Nf3 Bf5 14.Na3 Qd5 15.Be3 Rad8
16.Qa4 b6 17.Qxa7 Qc6 18.Nc4 Nd5 19.Qa3 Nxe3 20.Rxe3 b5 21.Na5 Qb6 22.b4 c4
23.Qb2  1/2-1/2

[Event "ch-UZB Major w 2012"]
[Site "Tashkent UZB"]
[Date "2012.05.22"]
[Round "6"]
[White "Gevorgyan,I"]
[Black "Baymuradova,S"]
[Result "1-0"]
[WhiteElo "2156"]
[BlackElo "2113"]

1.e4 c5 2.Nf3 Nc6 3.Bb5 g6 4.O-O Bg7 5.Bxc6 dxc6 6.d3 Nf6 7.h3 O-O 8.Be3 b6
9.Qc1 Re8 10.Nbd2 Qc7 11.a4 a5 12.Nc4 Nd7 13.Bf4 e5 14.Bh6 Nf8 15.Kh1 f6
16.Be3 Be6 17.Nfd2 g5 18.Re1 Ng6 19.Nf1 Bf8 20.Ng3 b5 21.Nd2 Qd7 22.Kh2 Be7
23.Qd1 Kh8 24.Ndf1 Rg8 25.Bd2 Nf4 26.Ne3 c4 27.dxc4 bxc4 28.Bc3 Bc5 29.Qxd7 Bxd7
30.Ngf5 Bxf5 31.exf5 Bxe3 32.Rxe3 Nd5 33.Re4 Nxc3 34.bxc3 Rgd8 35.Rxc4 Ra6
36.Rb1 Rd2 37.Rb8+ Kg7 38.Rb7+ Kg8 39.Kg3 h5 40.Rc7 Rxc2 41.R4xc6 Rxc6 42.Rxc6 Ra2
43.Rxf6 Rxa4 44.Rg6+ Kf7 45.Rxg5 h4+ 46.Kf3 Rc4 47.Rg6 Rxc3+ 48.Kg4 Rc2 49.Kg5 Rxf2
50.Ra6  1-0

[Event "Salento Open 2012"]
[Site "Gallipoli ITA"]
[Date "2012.05.23"]
[Round "6"]
[White "Bentivegna,F"]
[Black "Akshat,Chandra"]
[Result "1-0"]
[WhiteElo "2276"]
[BlackElo "2146"]

1.e4 c5 2.Nf3 Nc6 3.Bb5 d6 4.d4 cxd4 5.Qxd4 Qa5+ 6.Nc3 Qxb5 7.Nxb5 Nxd4 8.Nfxd4 Kd8
9.c4 a6 10.Nc3 e6 11.O-O Nf6 12.Rd1 Kc7 13.a4 b6 14.f3 Bb7 15.Be3 Be7 16.a5 bxa5
17.Nb3 Rhb8 18.Nxa5 Bc8 19.c5 e5 20.cxd6+ Bxd6 21.Rac1 Kd7 22.Nc4 Ne8  1-0

[Event "Orlova Open 2012"]
[Site "Orlova CZE"]
[Date "2012.05.24"]
[Round "4.5"]
[White "Andreev,Ed UKR"]
[Black "Lisowski,Adam"]
[Result "1-0"]
[WhiteElo "2499"]
[BlackElo "1553"]

1.e4 c5 2.Nf3 Nc6 3.Bb5 d6 4.Bxc6+ bxc6 5.O-O Bg4 6.h3 Bh5 7.Re1 e5 8.c3 Be7
9.g4 Bg6 10.d4 cxd4 11.cxd4 Qc7 12.Qa4 Nf6 13.dxe5 Nxe4 14.Rxe4 Bxe4 15.Qxe4 dxe5
16.Qxe5 Qxe5 17.Nxe5 Rc8 18.Nc3 O-O 19.Be3 a6 20.Rc1 f5 21.Na4 f4 22.Bc5 Bxc5
23.Nxc5 a5 24.Kg2 Rfe8 25.Ned3 g5 26.h4 h6 27.hxg5 hxg5 28.Nb7 Rb8 29.Nxa5  1-0

[Event "6th ENCI Limburg Open 2012"]
[Site "Limburg NED"]
[Date "2012.05.28"]
[Round "6.10"]
[White "Braun,Christi2"]
[Black "Weber,T"]
[Result "1-0"]
[WhiteElo "2384"]
[BlackElo "2373"]

1.e4 c5 2.Nf3 Nc6 3.Bb5 g6 4.Bxc6 dxc6 5.d3 Bg4 6.h3 Bxf3 7.Qxf3 Bg7 8.Nc3 Nf6
9.Be3 Nd7 10.Qd1 e5 11.Qd2 Qe7 12.Bh6 Bxh6 13.Qxh6 Nf8 14.O-O-O Ne6 15.g3 f6
16.Kb1 O-O-O 17.Qe3 Nd4 18.f4 Rhf8 19.h4 Rf7 20.g4 Rg8 21.Rdf1 Rgg7 22.Ne2 Ne6
23.Rf2 Nf8 24.Rhf1 Nd7 25.a3 Kc7 26.Ng1 Qe6 27.Qg3 Re7 28.Nf3 b6 29.fxe5 fxe5
30.Ng5 Qd6 31.Qe3 Kc8 32.Nf7 Qe6 33.Nh6 c4 34.g5 cxd3 35.Qxd3 Nc5 36.Qe2 Kb7
37.Nf5 gxf5 38.exf5 Qd7 39.f6 e4 40.fxg7 Rxg7 41.h5 Qe6 42.Rf6 Qe8 43.Qc4 Rxg5
44.Rf7+  1-0

[Event "1st Euro 2012 Open"]
[Site "Lviv UKR"]
[Date "2012.05.28"]
[Round "1"]
[White "Vorontsov,P"]
[Black "Antoshkiv,A"]
[Result "1-0"]
[WhiteElo "2150"]
[BlackElo "1731"]

1.e4 c5 2.Nf3 Nc6 3.Bb5 e6 4.Bxc6 bxc6 5.d3 d5 6.e5 Ne7 7.b3 Ng6 8.h4 h5
9.c4 Be7 10.g3 Qc7 11.Qe2 a5 12.Nc3 Ba6 13.Na4 d4 14.Ba3 Qa7 15.O-O Nf8 16.Qe4 Rc8
17.Bc1 Nd7 18.Bg5 Bxg5 19.Nxg5 g6 20.Qf4 O-O 21.Ne4 Kg7 22.Rae1 Rcd8 23.Nf6 Rh8
24.Re4 Bc8 25.Qg5 Rdf8 26.Rfe1 Rh6 27.Kg2 Rhh8 28.Rf4 Nb8 29.g4 hxg4 30.h5 Rh6
31.Nxg4 Rxh5 32.Qf6+ Kh7 33.Rh1 Rxh1 34.Nh2 Rxh2+ 35.Kxh2  1-0

[Event "50th ch-IND Challengers 2012"]
[Site "Tirupati IND"]
[Date "2012.05.28"]
[Round "13.21"]
[White "Karthikeyan,M2"]
[Black "Praveen,P"]
[Result "1-0"]
[WhiteElo "2329"]
[BlackElo "2248"]

1.e4 c5 2.Nf3 Nc6 3.Bb5 Qb6 4.Nc3 e6 5.O-O Nd4 6.Bc4 Ne7 7.Nxd4 cxd4 8.Ne2 Nc6
9.d3 Be7 10.f4 Na5 11.Bb3 Qc5 12.Kh1 d6 13.c3 Nxb3 14.axb3 dxc3 15.bxc3 Bd7
16.Ba3 Qc7 17.Qd2 a5 18.f5 b5 19.Nf4 O-O 20.e5 b4 21.f6 gxf6 22.Nh5 Kh8 23.exf6 Rg8
24.fxe7 Bc6 25.Rxf7 Rxg2 26.Qxg2 Bxg2+ 27.Kxg2 Rg8+ 28.Kh3 Qc6 29.Ng3 Qe8
30.Raf1 bxa3 31.Ne4 Qb5 32.Nf6 Qxd3+ 33.Kh4 a2 34.Rf8  1-0

[Event "Albena Masters Open 2012"]
[Site "Albena BUL"]
[Date "2012.05.29"]
[Round "4.10"]
[White "Emiroglu,C"]
[Black "Lu Shanglei"]
[Result "1/2-1/2"]
[WhiteElo "2253"]
[BlackElo "2522"]

1.e4 c5 2.Nf3 Nc6 3.Bb5 e6 4.O-O Nge7 5.c3 a6 6.Ba4 b5 7.Bc2 d5 8.d4 cxd4
9.exd5 Nxd5 10.Nxd4 Bd7 11.Nxc6 Bxc6 12.Nd2 Be7 13.Nf3 Bf6 14.Nd4 Bb7 15.Qd3 Qc7
16.Rd1 O-O-O 17.Qh3 g5 18.Be4 h5 19.Nxe6 fxe6 20.Qxe6+ Kb8 21.Bxd5 Rd6 22.Qf5 Rhd8
23.Bxg5 Bxg5 24.Qxg5 Rxd5 25.Rxd5 Rxd5 26.Qe3 Re5 27.Qd4 Rg5 28.Qh8+ Qc8
29.Qxc8+ Kxc8 30.g3 Bf3 31.a4 Rd5 32.axb5 axb5 33.Rc1 Rd2 34.b4 Kd7 35.h4 Kd6
36.g4 Bxg4 37.c4 Rd1+ 38.Rxd1+ Bxd1 39.cxb5 Ke5 40.Kf1 Kf4 41.Ke1 Bf3 42.Kd2 Kg4
43.Ke3 Ba8 44.b6 Bb7 45.Kd4 Kxh4 46.Ke5 Kg4 47.f4 h4 48.f5 h3 49.f6 h2 50.f7 h1=Q
51.f8=Q Qe4+ 52.Kf6 Qd4+ 53.Ke6 Bd5+ 54.Kd7  1/2-1/2

[Event "4th GM POL-UKR Rapid Match"]
[Site "Lublin POL"]
[Date "2012.05.29"]
[Round "5"]
[White "Fedorchuk,S"]
[Black "Miton,K"]
[Result "0-1"]
[WhiteElo "2634"]
[BlackElo "2622"]

1.e4 c5 2.Nf3 Nc6 3.Bb5 e6 4.O-O Nge7 5.c3 a6 6.Ba4 b5 7.Bc2 Bb7 8.Qe2 c4
9.b3 Na5 10.Ba3 Ng6 11.Bxf8 Kxf8 12.d4 cxd3 13.Qxd3 Qc7 14.a4 bxa4 15.Rxa4 Nc6
16.Nbd2 Ke7 17.Nc4 d6 18.Qe3 Rhd8 19.h4 f6 20.h5 Nf8 21.h6 g6 22.Nd4 Nxd4
23.cxd4 Bc6 24.Ra2 Bb5 25.Re1 Bxc4 26.bxc4 e5 27.c5 exd4 28.cxd6+ Qxd6 29.Qd2 Ne6
30.Bb3 Rab8 31.Bd5 Qb4 32.Qd1 Rb6 33.Rf1 Nc5 34.Qg4 d3 35.Qf4 Rxd5  0-1

[Event "Albena Masters Open 2012"]
[Site "Albena BUL"]
[Date "2012.05.31"]
[Round "6.26"]
[White "Zhang Xiaowen"]
[Black "Ojagverdiyev,Z"]
[Result "1-0"]
[WhiteElo "2385"]
[BlackElo "2056"]

1.e4 c5 2.Nf3 Nc6 3.Bb5 Qc7 4.O-O g6 5.c3 a6 6.Ba4 c4 7.Bc2 Bg7 8.Qe2 Ne5
9.Ne1 g5 10.d4 cxd3 11.Nxd3 Nxd3 12.Bxd3 h6 13.c4 d6 14.Nc3 Bxc3 15.bxc3 Be6
16.Be3 Nf6 17.Bd4 Rc8 18.Rab1 Rg8 19.e5 dxe5 20.Bxe5 Qc6 21.Rfe1 Kf8 22.Bd4 Rc7
23.Rb6 Qd7 24.Qf3 Rc6 25.Reb1 Bg4 26.Qg3 Rxb6 27.Rxb6 Kg7 28.Qe5 Rc8 29.Qe4 Kf8
30.Qxb7 Qxb7 31.Rxb7 Nd7 32.f3 Be6 33.Ra7 Nc5 34.Be2 Ke8 35.Kf2 Rc6 36.Bxc5 Rxc5
37.Rxa6 Bxc4 38.Bxc4 Rxc4 39.Ra3 h5 40.Ke3 Rh4 41.h3 Rc4 42.Kd3 Rc7 43.Ra5 f6
44.c4 Rd7+ 45.Kc3 Rd1 46.Rd5 Rc1+ 47.Kb3 e6 48.Rd2 Rb1+ 49.Kc3 f5 50.a4 Ke7
51.a5 Ra1 52.Kb4 Rb1+ 53.Kc5 Ra1 54.Kb6 Rb1+ 55.Ka7 Rc1 56.a6 Rxc4 57.Kb7 Rb4+
58.Kc6 Rc4+ 59.Kb5 Rc1 60.Ra2 Rb1+ 61.Ka5 Rb8 62.a7 Re8 63.Kb6 Kd6 64.a8=Q Rxa8
65.Rxa8 Ke5 66.Kc5 Kf4 67.Kd4 e5+ 68.Kd3 g4 69.hxg4 hxg4 70.Ra4+ Kg3 71.fxg4 e4+
72.Ke3 Kxg4 73.Ra8  1-0

[Event "11th TCh-BIH Premier"]
[Site "Jahorina BIH"]
[Date "2012.06.02"]
[Round "1.2"]
[White "Popovic,Du"]
[Black "Cabrilo,G"]
[Result "1/2-1/2"]
[WhiteElo "2548"]
[BlackElo "2477"]

1.e4 c5 2.Nf3 Nc6 3.Bb5 g6 4.O-O Bg7 5.Re1 e5 6.Bxc6 dxc6 7.d3 Ne7 8.Nbd2 b6
9.Nc4 f6 10.a3 Be6 11.Qe2 O-O 12.b4 cxb4 13.axb4 Qc7 14.d4 b5 15.Ne3 h6 16.h4 a5
17.bxa5 Rxa5 18.Rxa5 Qxa5 19.Bb2 Qc7 20.Rd1 exd4 21.Nxd4 Bf7 22.h5 gxh5 23.Ndf5 Nxf5
24.Nxf5 Rd8 25.Re1 Bg6 26.Qf3 Bxf5 27.exf5 Qd7 28.Qxh5 Qd2 29.Re2 Qg5 30.Re8+ Rxe8
31.Qxe8+ Kh7 32.Qxc6 Qxf5 33.g3 h5 34.Bd4 h4 35.Qh1 Qxc2 36.Qxh4+ Kg6 37.Qg4+ Kf7
38.Qh5+ Kg8 39.Qd5+ Kh7 40.Qh5+ Kg8 41.Qd5+  1/2-1/2

[Event "1st Euro 2012 Open"]
[Site "Lviv UKR"]
[Date "2012.06.02"]
[Round "9"]
[White "Grinev,V"]
[Black "Matviyishen,Viktor"]
[Result "1-0"]
[WhiteElo "2395"]
[BlackElo "1848"]

1.e4 c5 2.Nf3 Nc6 3.Bb5 Qb6 4.Nc3 e6 5.O-O Nge7 6.Re1 a6 7.Bf1 g6 8.Na4 Qa7
9.b3 Bg7 10.Bb2 Nd4 11.e5 Nec6 12.Bxd4 cxd4 13.Nb2 f6 14.Nc4 O-O 15.exf6 Bxf6
16.Bd3 Qc5 17.a3 b5 18.b4 Qe7 19.Nb6 Rb8 20.Nd5 Qf7 21.Nxf6+ Qxf6 22.Qe2 d6
23.c4 dxc3 24.dxc3 e5 25.Be4 Ne7 26.Rad1 Rd8 27.a4 Be6 28.axb5 axb5 29.Bd3 Nd5
30.Rc1 Nf4 31.Qe3 Rf8 32.Bf1 Bd5 33.Nd2 Qg5 34.g3 Rf6 35.Ne4 Bxe4 36.Qxe4 Rbf8
37.Rc2 Kg7 38.Qb7+ R8f7 39.Qxb5 Ne6 40.Qd5 Qh5 41.Qd1 Qh6 42.Bg2 Ng5 43.h4 Ne6
44.Rd2 g5 45.Qg4 Kh8 46.Rxd6 gxh4 47.Qxh4 Qxh4 48.gxh4 Rg7 49.Rxe5  1-0

[Event "Victory Day 2012"]
[Site "Moscow RUS"]
[Date "2012.06.02"]
[Round "2.4"]
[White "Belous,V"]
[Black "Arustamian,A"]
[Result "1/2-1/2"]
[WhiteElo "2518"]
[BlackElo "2393"]

1.e4 c5 2.Nf3 Nc6 3.Bb5 d6 4.O-O Bd7 5.c3 Nf6 6.Re1 a6 7.Ba4 b5 8.Bc2 e5
9.h3 Qb6 10.d3 Be7 11.Be3 O-O 12.d4 cxd4 13.cxd4 exd4 14.Nxd4 Qb7 15.Nc3 Rac8
16.Nf5 Bxf5 17.exf5 Rfd8 18.Bb3 Qd7 19.Nd5 Nxd5 20.Qxd5 Bf6 21.Bb6 Rf8 22.Rad1 Ne7
23.Qxd6 Qxd6 24.Rxd6 Nxf5 25.Rd7 Bxb2 26.Bd5 Bc3 27.Rd1 b4 28.g4 Nh4 29.Bc7 Ng6
30.Bd6 Rfd8 31.Rxf7 Kh8 32.Bb7 Rc4 33.Rd5 a5 34.Bg3 Rd4 35.Rxd4 Rxd4 36.Rc7 Rd8
37.Bc6 Ne5 38.Ba4 Nd3 39.Bh4 Rb8 40.Bg5 h6 41.Be3 Nb2 42.Bc2 a4 43.Kf1 Be5
44.Rc5 Bf6 45.Bf4 Ra8 46.Be4 Re8 47.f3 Nd1 48.Bg6 Ra8 49.Be4 Rd8 50.Bc2 b3
51.axb3 a3 52.Ra5 Bb2 53.Bd2 g5 54.Ke1 Nc3 55.Rxa3 Re8+ 56.Kf1 Bxa3 57.Bxc3+ Kg8
58.Be4 Rc8 59.Be1 Rc1 60.Ke2 Bd6 61.h4 Rxe1+ 62.Kxe1 gxh4 63.Bd3 Kf7 64.Kf2 Bf4
65.b4 Ke6 66.Bf1 Kd5 67.b5  1/2-1/2

[Event "1st CT Casino Marina del Sol"]
[Site "Talcahuano CHI"]
[Date "2012.06.02"]
[Round "2.1"]
[White "Farfan Ortiz,V"]
[Black "Riffo Paz,E"]
[Result "0-1"]
[WhiteElo "2206"]
[BlackElo "2238"]

1.e4 c5 2.Nf3 Nc6 3.Bb5 d6 4.O-O Bd7 5.Re1 a6 6.Bf1 Bg4 7.h3 Bxf3 8.Qxf3 Nf6
9.c3 g6 10.Qd1 Bh6 11.Na3 O-O 12.d4 Bxc1 13.Rxc1 e5 14.d5 Nb8 15.c4 Nbd7
16.Nb1 Ne8 17.Nc3 f5 18.Bd3 Qg5 19.a3 Nef6 20.b4 Nh5 21.Bf1 Rf7 22.Rc2 Raf8
23.Qc1 f4 24.Be2 Nhf6 25.Bf3 h5 26.Na4 b6 27.bxc5 bxc5 28.Qd2 Qh4 29.Kh2 Ng4+
30.Kg1 g5 31.hxg4 hxg4 32.Bxg4 Qxg4 33.f3 Qh5 34.Kf2 g4 35.Qd1 Rh7 36.Rc1 Nf6
37.Rh1 Nxe4+  0-1

[Event "TCh-SUI National A 2012"]
[Site "Switzerland SUI"]
[Date "2012.06.03"]
[Round "4.6"]
[White "Riff,V"]
[Black "Landenbergue,C"]
[Result "1/2-1/2"]
[WhiteElo "2318"]
[BlackElo "2396"]

1.e4 c5 2.Nf3 Nc6 3.Bb5 g6 4.Bxc6 dxc6 5.d3 Bg7 6.h3 Nf6 7.Nc3 Nd7 8.Be3 e5
9.Qd2 Qe7 10.Bh6 Bxh6 11.Qxh6 f6 12.Nh2 Nf8 13.f4 exf4 14.Qxf4 Ne6 15.Qf2 Nd4
16.Nf3 Nxf3+ 17.Qxf3 Qe5 18.O-O O-O 19.Qf4 Qxf4 20.Rxf4 Be6 21.a4  1/2-1/2

[Event "Asian Junior Open 2012"]
[Site "Tashkent UZB"]
[Date "2012.06.03"]
[Round "5.7"]
[White "Sattarov,B"]
[Black "Artemenko,O"]
[Result "0-1"]
[WhiteElo "2151"]
[BlackElo "2298"]

1.e4 c5 2.Nf3 Nc6 3.Bb5 g6 4.O-O Bg7 5.Re1 Nf6 6.e5 Nd5 7.b3 Nc7 8.Bf1 d6
9.exd6 Qxd6 10.Nc3 Bg4 11.Ne4 Qd8 12.c3 b6 13.h3 Bf5 14.Ng3 Bd3 15.Bxd3 Qxd3
16.Re3 Qd7 17.Bb2 f5 18.Re2 O-O-O 19.d4 e5 20.Rd2 cxd4 21.cxd4 e4 22.Rc1 exf3
23.Qxf3 Bh6 24.Rxc6 Bxd2 25.Rc2 Qd5 26.Qxd5 Rxd5 27.Rxd2 Re8 28.Kf1 f4 29.Ne2 f3
30.gxf3 Rf8 31.Rd3 Rdf5 32.f4 Nd5 33.Ba3 R8f6 34.Bc1 Rc6 35.Bd2 Rc2 36.a4 Rf7
37.Kg2 Rfc7 38.Ng3 R7c3 39.Rxc3+ Nxc3 40.Be3 Rb2 41.h4 Rxb3 42.h5 Kd7 43.f5 gxf5
44.Nxf5 Ke6 45.Ng7+ Kf6 46.Ne8+ Ke7 47.Nc7 Kd7 48.Bf4 Rb4 49.Be5 Rc4 50.Na6 Rxa4
51.Nb8+ Ke6 52.Nc6 Nb5 53.f4 Rc4 54.d5+ Kxd5 55.Nd8 a5 56.Nf7 a4 57.Ng5 a3
58.Nxh7 Rxf4 59.Bxf4 a2 60.Nf6+ Ke6  0-1

[Event "Asian Junior Open 2012"]
[Site "Tashkent UZB"]
[Date "2012.06.03"]
[Round "5.2"]
[White "Narayanan,Sri"]
[Black "Aravindh,Chithambaram VR."]
[Result "1-0"]
[WhiteElo "2383"]
[BlackElo "2228"]

1.e4 c5 2.Nf3 Nc6 3.Bb5 e5 4.O-O Nge7 5.c3 Qb6 6.Bc4 h6 7.Na3 d6 8.d4 exd4
9.cxd4 Nxd4 10.Nxd4 cxd4 11.Qh5 g6 12.Qf3 Rh7 13.b3 Be6 14.Bb2 Bg7 15.Rfd1 Rc8
16.Rac1 h5 17.h3 Be5 18.Qd3 Nc6 19.Qd2 Qa5 20.Qxa5 Nxa5 21.Bb5+ Ke7 22.Rxc8 Bxc8
23.Bxd4 a6 24.Be2 Nc6 25.Bb6 Be6 26.Nc4 f6 27.h4 f5 28.exf5 gxf5 29.Nxe5 Nxe5
30.Bf1 Nf7 31.Bd3 Kd7 32.Ba5 d5 33.Rc1 Kd6 34.Bc7+ Kd7 35.Bb8 Rh6 36.Bf4 Rh7
37.Rc7+ Ke8 38.Rxb7 d4 39.Rb6 Ke7 40.Rxa6 Rh8 41.Kf1  1-0

[Event "Asian Junior Open 2012"]
[Site "Tashkent UZB"]
[Date "2012.06.04"]
[Round "6.6"]
[White "Artemenko,O"]
[Black "Aravindh,Chithambaram VR."]
[Result "1/2-1/2"]
[WhiteElo "2298"]
[BlackElo "2228"]

1.e4 c5 2.Nf3 Nc6 3.Bb5 g6 4.O-O Bg7 5.Re1 Nf6 6.e5 Nd5 7.Nc3 Nc7 8.Bxc6 dxc6
9.Ne4 b6 10.Nf6+ Kf8 11.Ne4 Bg4 12.d3 Ne6 13.Ned2 Qd5 14.h3 Bxf3 15.Nxf3 h6
16.b3 Kg8 17.Bb2 Kh7 18.Re4 b5 19.Qe2 Rhb8 20.Re1 Rb6 21.Qe3 b4 22.a4 bxa3
23.Bxa3 Ra6 24.c4 Qd7 25.Bxc5 Rb8 26.d4 Ra2 27.Qc3 a5 28.R4e2 Rxe2 29.Rxe2 Nxc5
30.dxc5 Qd1+ 31.Re1 Qxb3 32.Qxa5 Qxc4 33.Qc7 Rb5 34.Qxe7 Rxc5 35.e6 fxe6
36.Rxe6 Qc1+ 37.Kh2 Qf4+ 38.g3 Qf8 39.Qxf8 Bxf8 40.Nd4 Rc4 41.Nxc6 Rc2  1/2-1/2

[Event "11th TCh-BIH Premier"]
[Site "Jahorina BIH"]
[Date "2012.06.06"]
[Round "5.4"]
[White "Miskovic,D"]
[Black "Muratovic,Ef"]
[Result "0-1"]
[WhiteElo "2142"]
[BlackElo "2312"]

1.e4 c5 2.Nf3 Nc6 3.Bb5 g6 4.O-O Bg7 5.Re1 Nf6 6.e5 Nd5 7.Nc3 Nc7 8.Bxc6 dxc6
9.h3 O-O 10.d3 Ne6 11.Ne4 f6 12.exf6 exf6 13.Bd2 Qd5 14.Bc3 Bd7 15.a4 Rad8
16.Qc1 Bc8 17.b3 g5 18.Qb2 Qf5 19.Re3 Nf4 20.Ng3 Qg6 21.Rae1 Nd5 22.Re4 h5
23.Bd2 h4 24.Nf1 f5 25.Ne5 fxe4 26.Nxg6 Bxb2 27.Nxf8 exd3 28.Ng6 dxc2 29.Bxg5 Kf7
30.Nxh4 Re8 31.Nf3 Rxe1 32.Nxe1 c1=Q 33.Bxc1 Bxc1 34.Nd3 Ba3 35.g4 Nc3 36.Nd2 Be6
37.f3 Ne2+ 38.Kf2 Nd4 39.Ne5+ Kf6 40.Nec4 Bb4 41.Ne4+ Ke7 42.f4 Nxb3 43.Ne5 c4
44.f5 Bd5 45.Ng6+ Kd8 46.Ke3 Bxe4 47.Kxe4 c3 48.Kd3 Nd4  0-1

[Event "11th TCh-BIH Premier"]
[Site "Jahorina BIH"]
[Date "2012.06.06"]
[Round "5.5"]
[White "Predojevic,B"]
[Black "Bogosavljevic,B"]
[Result "1/2-1/2"]
[WhiteElo "2637"]
[BlackElo "2523"]

1.e4 c5 2.Nf3 Nc6 3.Bb5 e6 4.O-O Nge7 5.Re1 a6 6.Bxc6 Nxc6 7.d4 cxd4 8.Nxd4 d6
9.Nc3 Bd7 10.Nxc6 bxc6 11.Qd3 Be7 12.Qg3 g6 13.Bh6 e5 14.Rad1  1/2-1/2